[Event "AUTO-ADV-4832"]
[Site "http://www.queenalice.com/game.php?id=1848847"]
[Date "2024.12.16"]
[Round "1"]
[White "mArViNh"]
[Black "CruelLeurc"]
[Result "1-0"]
[WhiteElo "1631"]
[BlackElo "1960"]

1. d4 Nf6 2. c4 d5 3. e3 Bg4 4. Nf3 Nc6 5. c5 b6 6. cxb6 axb6 7. Be2 e6 8. a3
Bd6 9. Nc3 Na7 10. Qc2 Qd7 11. O-O O-O 12. b3 c6 13. Bb2 Qc7 14. h3 Bxf3 15.
Bxf3 Rae8 16. b4 e5 17. Rac1 e4 18. Be2 Qe7 19. b5 Rc8 20. Qb3 c5 21. Nxd5 Nxd5
22. Qxd5 Rcd8 23. Qb3 Rfe8 24. Rfd1 Bc7 25. dxc5 Rb8 26. Qc3 f6 27. c6 Red8 28.
Rd7 Rxd7 29. cxd7 Qxd7 30. Qxc7 Qxc7 31. Rxc7 Nc8 32. a4 Nd6 33. g4 Rc8 34.
Rxc8+ Nxc8 35. Bd4 Kf7 36. Bc4+ Ke7 37. Bd5 Nd6 38. Bxb6 f5 39. gxf5 Nxf5 40.
Bc5+ Kf6 41. Bd4+ Kg5 42. b6 Nd6 43. a5 1-0

[Event "AUTO-OPEN-4565"]
[Site "http://www.queenalice.com/game.php?id=1848970"]
[Date "2024.12.18"]
[Round "1"]
[White "Kapablanca"]
[Black "CruelLeurc"]
[Result "1-0"]
[WhiteElo "1965"]
[BlackElo "1880"]

1. d4 Nf6 2. c4 d5 3. e3 Bf5 4. Nf3 e6 5. Be2 Be7 6. O-O O-O 7. Nc3 Nbd7 8. a3
Be4 9. Nxe4 Nxe4 10. cxd5 exd5 11. Bd3 f5 12. Qb3 Nb6 13. Ne5 Bd6 14. f4 c6 15.
Qd1 Qe7 16. Bxe4 dxe4 17. Bd2 Nd5 18. Kh1 Rac8 19. g4 g6 20. gxf5 Rxf5 21. Rg1
Kg7 22. Qg4 Qe6 23. Rg3 Rcf8 24. Rag1 Bc7 25. h4 R8f6 26. R1g2 Rh5 27. Qxh5 Kh8
28. Qg4 b6 29. Kg1 c5 30. Qxe6 Rxe6 31. h5 Kg7 32. hxg6 h6 33. f5 Rf6 34. Rf2
Ne7 35. Bc3 Nxf5 36. Rh3 Bxe5 37. dxe5 Rxg6+ 38. Kh2 Kf7 39. Rxf5+ Ke6 40. Rf6+
Rxf6 41. exf6 Kf7 42. Rxh6 1-0

[Event "AUTO-OPEN-4565"]
[Site "http://www.queenalice.com/game.php?id=1848971"]
[Date "2024.12.18"]
[Round "1"]
[White "CruelLeurc"]
[Black "Kapablanca"]
[Result "0-1"]
[WhiteElo "1867"]
[BlackElo "1978"]

1. e4 e6 2. Nf3 d5 3. exd5 exd5 4. d4 Nf6 5. Bd3 Bd6 6. Nc3 O-O 7. O-O c6 8. b3
Bg4 9. Be2 Nbd7 10. Nd2 Bxe2 11. Qxe2 Re8 12. Qd3 Qc7 13. Nf3 h6 14. Ne2 Re7 15.
Re1 Rae8 16. Bd2 Ne4 17. g3 Ndf6 18. Kg2 Nxd2 19. Qxd2 Ne4 20. Qd3 f5 21. a3 f4
22. g4 g5 23. c3 Qd7 24. h3 Kg7 25. Nfg1 Nf6 26. b4 b5 27. f3 Re3 28. Qd2 Qf7
29. Rad1 h5 30. Qc2 hxg4 31. hxg4 Rh8 32. Nh3 Qg6 33. Qxg6+ Kxg6 34. Rh1 Rxe2+
35. Kf1 Re3 36. Nxf4+ Bxf4 37. Rxh8 Rxf3+ 38. Kg2 Rxc3 39. Re1 Rc2+ 40. Kf1 Nxg4
41. Re6+ Kf5 42. Ree8 Ne3+ 43. Kg1 Kg4 44. Re7 Kg3 45. Reh7 Rc1# 0-1

[Event "AUTO-OPEN-4565"]
[Site "http://www.queenalice.com/game.php?id=1849000"]
[Date "2024.12.18"]
[Round "1"]
[White "CruelLeurc"]
[Black "Charles56"]
[Result "0-1"]
[WhiteElo "1865"]
[BlackElo "1842"]

1. e4 e5 2. Bc4 Nf6 3. d3 h6 4. Nf3 d6 5. Nc3 Bg4 6. O-O Qd7 7. h3 Bh5 8. Nd5
Nxd5 9. Bxd5 c6 10. Bb3 g5 0-1

[Event "AUTO-OPEN-4565"]
[Site "http://www.queenalice.com/game.php?id=1849001"]
[Date "2024.12.18"]
[Round "1"]
[White "Charles56"]
[Black "CruelLeurc"]
[Result "1-0"]
[WhiteElo "1832"]
[BlackElo "1830"]

1. d4 Nf6 2. Nc3 d5 3. h3 Bf5 4. Nf3 Nc6 5. a3 g6 6. e3 a6 7. Bd3 Qd7 8. g4 Be4
9. Bxe4 Nxe4 10. Nxe4 dxe4 11. Nd2 Bg7 12. Nxe4 Rd8 13. c3 Qe6 14. Ng5 Qd5 15.
Nf3 e5 16. Qe2 O-O 17. c4 Qd7 18. d5 Ne7 19. e4 c6 20. b4 Rfe8 21. Be3 f6 22. g5
Kf7 23. dxc6 Qxc6 24. gxf6 Qxf6 25. Bg5 Qe6 26. Bh4 Rd7 27. Ng5+ 1-0

[Event "AUTO-OPEN-4565"]
[Site "http://www.queenalice.com/game.php?id=1849002"]
[Date "2024.12.18"]
[Round "1"]
[White "CruelLeurc"]
[Black "profeta"]
[Result "1-0"]
[WhiteElo "1852"]
[BlackElo "1588"]

1. e4 e5 2. Nf3 Nc6 3. Bb5 a6 4. Ba4 Nf6 5. Nc3 b5 6. Bb3 Bb4 7. d3 Bxc3+ 8.
bxc3 b4 9. Bd2 d5 10. Ba4 Bd7 11. cxb4 Nd4 12. Bxd7+ Nxd7 13. Bc3 O-O 14. Bxd4
exd4 15. O-O c5 16. bxc5 Nxc5 17. e5 f6 18. Re1 fxe5 19. Nxe5 Qf6 20. f3 Rae8
21. Ng4 Rxe1+ 22. Qxe1 Qf4 23. Qf2 h5 24. g3 Qc7 25. h3 hxg4 26. hxg4 Qf7 27.
Kg2 Ne6 28. Re1 Ng5 29. f4 Ne6 30. Qf3 Nc5 31. Re5 Rd8 32. Rf5 Qb7 33. g5 Qb2
34. Rxd5 Qxc2+ 35. Kh3 Re8 36. Rxd4 Qxa2 37. Qc6 Re2 38. Rd8+ Kf7 39. g6+ Ke7
40. Qd6# 1-0

[Event "AUTO-OPEN-4565"]
[Site "http://www.queenalice.com/game.php?id=1849003"]
[Date "2024.12.18"]
[Round "1"]
[White "profeta"]
[Black "CruelLeurc"]
[Result "0-1"]
[WhiteElo "1588"]
[BlackElo "1860"]

1. d4 d5 2. Nf3 Bg4 3. h3 Bh5 4. Nc3 Nf6 5. Bf4 c6 6. g4 Bg6 7. Nh4 Be4 8. Nxe4
Nxe4 9. f3 Nd6 10. e3 e6 11. Bxd6 Qxd6 12. f4 Be7 13. a3 Bxh4+ 14. Kd2 Nd7 15.
Kc1 Nb6 16. g5 h6 17. b3 hxg5 18. Qg4 f5 19. Qf3 O-O-O 20. fxg5 Bxg5 21. Rg1 Bf6
22. Kb2 g5 23. Bd3 Qh2 24. Qg2 Rxh3 25. Qxh2 Rxh2 26. a4 g4 27. a5 Nd7 28. b4
Rdh8 29. b5 c5 30. Kc1 Bg5 31. a6 Bxe3+ 32. Kb1 Bxg1 33. axb7+ Kxb7 34. dxc5
Bxc5 35. Ra6 Bb6 36. Ra4 g3 37. c4 Nc5 38. Ra1 Rh1+ 39. Ka2 R8h2+ 40. Ka3 Rxa1+
41. Kb4 Nxd3+ 42. Kc3 Ne1 43. cxd5 Bc5 44. Kc4 Rc1+ 45. Kb3 Rb1+ 46. Kc4 Rc2#
0-1

[Event "AUTO-ADV-4855"]
[Site "http://www.queenalice.com/game.php?id=1854562"]
[Date "2025.3.27"]
[Round "1"]
[White "Castling"]
[Black "CruelLeurc"]
[Result "0-1"]
[WhiteElo "1650"]
[BlackElo "1947"]

1. e4 e5 2. Bc4 Nf6 3. d3 d5 4. Bb3 dxe4 5. Bxf7+ Kxf7 6. dxe4 Qxd1+ 7. Kxd1
Nxe4 8. Ke2 Bc5 9. Be3 Nd7 10. Nc3 Ndf6 11. Bxc5 Nxc5 12. Nf3 Re8 13. Rhd1 Bg4
14. h3 Bf5 15. Rd3 Nxd3 16. cxd3 Rad8 17. Kf1 Bxd3+ 18. Kg1 e4 19. Ng5+ Kg6 20.
h4 h6 21. Nh3 e3 22. Nf4+ Kf5 23. Nxd3 Rxd3 0-1

[Event "AUTO-ADV-4855"]
[Site "http://www.queenalice.com/game.php?id=1854563"]
[Date "2025.3.27"]
[Round "1"]
[White "CruelLeurc"]
[Black "Castling"]
[Result "1-0"]
[WhiteElo "1945"]
[BlackElo "1605"]

1. e4 e5 2. Nf3 d6 3. d4 Bg4 4. Bc4 Bxf3 5. Qxf3 Qf6 6. Qb3 Nd7 7. Qxb7 Qd8 8.
Qb3 Qf6 9. Nc3 exd4 10. Nd5 Qe5 11. f3 Rc8 12. Qb7 Rd8 13. Rb1 Nc5 14. Bb5+ Nd7
15. Nxc7+ Ke7 16. Nd5+ Ke8 17. Bf4 Qe6 18. Nc7+ 1-0

[Event "AUTO-ADV-4855"]
[Site "http://www.queenalice.com/game.php?id=1854578"]
[Date "2025.3.27"]
[Round "1"]
[White "SGF"]
[Black "CruelLeurc"]
[Result "0-1"]
[WhiteElo "1884"]
[BlackElo "1910"]

1. e4 e5 2. Qf3 Nf6 3. d3 d5 4. Be2 Bg4 5. Qg3 Bxe2 6. Nxe2 Nc6 7. c3 dxe4 8.
dxe4 Nxe4 9. Qf3 Nf6 10. Bg5 Be7 11. Nd2 h6 12. Bxf6 Bxf6 13. b4 Bg5 14. Ne4 Qe7
15. Nc5 O-O-O 16. Nxb7 Kxb7 17. b5 e4 18. bxc6+ Kc8 19. Qg4+ Kb8 20. O-O Rd6 21.
Nd4 Bf6 22. Rab1+ Ka8 23. h3 Bxd4 24. cxd4 Rg6 25. Qd7 Qxd7 26. cxd7 Rd6 27.
Rfe1 f5 28. f3 Rxd7 29. fxe4 Re8 30. exf5 Rxe1+ 31. Rxe1 Kb7 32. Rb1+ Kc6 33.
Rd1 Rd6 34. g4 Kd5 35. Kf2 Ke4 36. h4 Rxd4 37. Re1+ Kf4 38. Re7 Kxg4 39. Rxg7+
Kxf5 40. h5 Ra4 41. Rxc7 Kg4 42. Rc5 Rxa2+ 43. Ke3 Ra4 44. Kd3 a5 45. Kc3 Ra3+
46. Kb2 Rh3 47. Rxa5 Rxh5 48. Ra4+ Kf3 49. Kc2 Rh2+ 50. Kd3 h5 51. Re4 h4 52.
Re3+ Kf4 53. Re4+ Kf5 54. Re2 Rh3+ 55. Kd2 Kf4 56. Rf2+ Kg3 57. Ke3 Kg4+ 58. Ke4
Rg3 59. Rf4+ Kh3 60. Rf2 Rg8 61. Rf3+ Kg2 62. Kf4 h3 63. Ke3 Rg3 64. Rxg3+ Kxg3
65. Ke2 h2 66. Ke3 h1=Q 67. Kd4 Qe1 68. Kd5 Kf4 69. Kd6 Qe5+ 70. Kc6 Qd4 71. Kb5
Ke5 72. Kc6 Ke6 73. Kb5 Qc3 74. Kb6 Kd5 75. Kb7 Qc6+ 76. Ka7 Qb5 77. Ka8 Kc6 78.
Ka7 Qb7# 0-1

[Event "AUTO-ADV-4855"]
[Site "http://www.queenalice.com/game.php?id=1854579"]
[Date "2025.3.27"]
[Round "1"]
[White "CruelLeurc"]
[Black "SGF"]
[Result "1-0"]
[WhiteElo "1879"]
[BlackElo "1686"]

1. Nf3 f6 2. d4 d5 3. Bf4 Bf5 4. e3 Bg4 5. Be2 h5 6. h3 Bxf3 7. Bxf3 g5 8. Bh2
g4 9. hxg4 hxg4 10. Bxg4 c6 11. Nc3 Nh6 12. Bf3 Nf5 13. Qe2 e6 14. O-O-O Qa5 15.
Bxb8 Rxb8 16. Rxh8 Kd7 17. e4 Bh6+ 18. Rxh6 Nxh6 19. Rh1 Nf7 20. Rh7 Ke7 21.
exd5 cxd5 22. Nxd5+ Kd6 23. Nxf6 Qxa2 24. Qb5 Ke7 25. Qd7+ Kf8 26. Qxf7# 1-0

[Event "AUTO-ADV-4855"]
[Site "http://www.queenalice.com/game.php?id=1854588"]
[Date "2025.3.27"]
[Round "1"]
[White "MHRangel"]
[Black "CruelLeurc"]
[Result "1-0"]
[WhiteElo "1963"]
[BlackElo "1833"]

1. d4 e6 2. c4 c5 3. d5 exd5 4. cxd5 d6 5. e4 Nf6 6. Nc3 Bg4 7. Nf3 Be7 8. Be2
Qb6 9. a4 Qb4 10. O-O Nxe4 11. Nxe4 Qxe4 12. Bb5+ Nd7 13. Be2 Bf6 14. Re1 Qe7
15. Bb5 Be5 16. Qb3 Bxf3 17. Qxf3 O-O 18. Bf4 f6 19. Rab1 a6 20. Bc4 Nb6 21. b3
Qf7 22. Bd3 Nxd5 23. Bxe5 dxe5 24. Bc4 Kh8 25. Bxd5 Qe7 26. Bxb7 Rab8 27. Bxa6
Rbd8 28. Rec1 Rd4 29. Bc4 Qa7 30. Re1 Rfd8 31. Qf5 Rf4 32. Qe6 Qb8 33. a5 Rfd4
34. a6 R4d6 35. Qf7 R8d7 36. Qh5 Qa8 37. Qg4 g6 38. Bb5 Rd8 39. Rec1 Rd4 40. Qe6
Kg7 41. Qe7+ Kh6 42. Qxc5 R8d5 43. Qc6 Qxc6 44. Bxc6 Rd6 45. Bb7 Kg5 46. a7 1-0

[Event "AUTO-ADV-4855"]
[Site "http://www.queenalice.com/game.php?id=1854589"]
[Date "2025.3.27"]
[Round "1"]
[White "CruelLeurc"]
[Black "MHRangel"]
[Result "0-1"]
[WhiteElo "1861"]
[BlackElo "1951"]

1. Nf3 b6 2. d4 Bb7 3. e3 e6 4. Be2 Nf6 5. b3 Bb4+ 6. Bd2 Bxd2+ 7. Nbxd2 O-O 8.
O-O c5 9. dxc5 bxc5 10. e4 Nxe4 11. Nxe4 Bxe4 12. Nd2 Bf5 13. Nf3 d5 14. Ne5 Nd7
15. Nf3 h6 16. Bd3 Bxd3 17. Qxd3 Qf6 18. Rab1 Nb6 19. Nd2 Rfc8 20. Rfe1 c4 21.
Qe3 Rab8 22. b4 d4 23. Qe4 d3 24. cxd3 c3 25. Nc4 Na4 26. a3 Rd8 27. Rec1 Rd4
28. Qe3 Rbd8 29. Ne5 R8d5 30. Nf3 Rxd3 31. Qxa7 Nb2 32. Qc7 Rd7 33. Qc6 R3d6 34.
Qxc3 Qxc3 35. Rxc3 Rd1+ 36. Ne1 Rxb1 37. Kf1 Rdd1 38. Re3 Nd3 0-1

[Event "AUTO-ADV-4857"]
[Site "http://www.queenalice.com/game.php?id=1855082"]
[Date "2025.4.6"]
[Round "1"]
[White "SGF"]
[Black "CruelLeurc"]
[Result "0-1"]
[WhiteElo "1763"]
[BlackElo "1952"]

1. e4 e5 2. Qf3 Nf6 3. d3 Bc5 4. Bg5 Be7 5. Be2 Nc6 6. c3 d6 7. Qg3 Nxe4 8. Bxe7
Nxg3 9. Bxd8 Nxh1 10. Bxc7 O-O 11. Bxd6 Re8 12. Bf3 Re6 13. Bc5 b6 14. Be3 Bb7
15. g4 Nxf2 16. Bxf2 Rd8 17. Be4 Ba6 18. Nd2 Red6 19. O-O-O Bxd3 20. Bxc6 Rxc6
21. Ne4 Rh6 22. h3 Kf8 23. Bg3 Rd5 24. g5 Rg6 25. h4 Bxe4 26. Rxd5 Bxd5 27. Bxe5
Re6 28. Bc7 Re1+ 29. Kd2 Rxg1 30. Bb8 a6 31. Ba7 Rg2+ 32. Kc1 b5 33. a3 Bb3 34.
Kb1 Rh2 35. Kc1 g6 36. Bc5+ Ke8 37. Bb4 Rc2+ 38. Kb1 Kd7 39. Bf8 Ke6 40. Bg7 Kf5
41. Bf6 Ke4 42. Bd4 Kd3 43. Be5 Ke2 44. Bf4 Kd1 45. Be3 a5 46. Bf4 b4 47. axb4
axb4 48. cxb4 Rc8 49. b5 Ra8 50. b6 Bc2# 0-1

[Event "AUTO-ADV-4857"]
[Site "http://www.queenalice.com/game.php?id=1855083"]
[Date "2025.4.6"]
[Round "1"]
[White "CruelLeurc"]
[Black "SGF"]
[Result "1-0"]
[WhiteElo "1928"]
[BlackElo "1898"]

1. Nc3 c6 2. Nf3 f6 3. d4 Qb6 4. e4 g5 5. h3 h5 6. Be2 d6 7. b3 a5 8. Be3 Nd7 9.
d5 c5 10. Bb5 Bg7 11. Qe2 g4 12. hxg4 hxg4 13. Rxh8 Bxh8 14. O-O-O gxf3 15. Qxf3
Bg7 16. Rh1 Kf8 17. Qh5 Ne5 18. f4 Nf7 19. Qg6 Bh6 20. Be2 Bd7 21. Kd1 e5 22.
fxe5 Bxe3 23. Rh7 Be8 24. e6 Ne5 25. Qg7# 1-0

[Event "AUTO-ADV-4857"]
[Site "http://www.queenalice.com/game.php?id=1855094"]
[Date "2025.4.6"]
[Round "1"]
[White "EdsonEstevam"]
[Black "CruelLeurc"]
[Result "1-0"]
[WhiteElo "1712"]
[BlackElo "1904"]

1. e4 e5 2. Bc4 Nf6 3. d3 d5 4. exd5 Nxd5 5. Bxd5 Qxd5 6. Nc3 Qxg2 7. Qf3 Qg6 8.
Nd5 Bd6 9. Bd2 O-O 10. O-O-O Bg4 11. Qe3 Bxd1 12. Kxd1 c6 13. Nc3 Nd7 14. Nf3
Rfe8 15. Rg1 Qf6 16. Ne4 Qe7 17. Qh6 g6 18. Nfg5 Nf8 19. Rg3 f6 20. Rf3 fxg5 21.
Bxg5 Qc7 22. Nf6+ Kh8 23. Nxe8 Rxe8 24. h4 Be7 25. Rf7 1-0

[Event "AUTO-ADV-4857"]
[Site "http://www.queenalice.com/game.php?id=1855095"]
[Date "2025.4.6"]
[Round "1"]
[White "CruelLeurc"]
[Black "EdsonEstevam"]
[Result "1-0"]
[WhiteElo "1855"]
[BlackElo "1736"]

1. Nc3 d5 2. d4 e6 3. g3 Nf6 4. Bg2 Nc6 5. Nf3 Bb4 6. Bd2 O-O 7. a3 Bxc3 8. Bxc3
h6 9. Qd3 Re8 10. O-O a5 11. b4 axb4 12. axb4 Rxa1 13. Rxa1 b6 14. Ra8 Qd7 15.
Ne5 Ba6 16. Rxa6 Nxe5 17. dxe5 Nh7 18. Ra7 b5 19. Bd4 Rc8 20. Rb7 Rf8 21. Rxb5
c6 22. Rc5 g6 23. Qa6 Rc8 24. e3 Ng5 25. f3 Kg7 26. Bf1 h5 27. Kg2 Nh7 28. Bb5
Qe7 29. Bxc6 Rh8 30. Rb5 g5 31. Rb7 Qd8 32. Qa7 Rf8 33. Bb6 Qa8 34. Rxf7+ Kg6
35. Rg7+ Kh6 36. Rxh7+ Kg6 37. Qg7+ Kf5 38. Bxa8 Rxa8 39. Qf6# 1-0

[Event "AUTO-ADV-4857"]
[Site "http://www.queenalice.com/game.php?id=1855102"]
[Date "2025.4.6"]
[Round "1"]
[White "CruelLeurc"]
[Black "IranSilva"]
[Result "1/2-1/2"]
[WhiteElo "1823"]
[BlackElo "2077"]

1. e4 e6 2. Nc3 d5 3. exd5 exd5 4. d4 Nc6 5. Nf3 Nf6 6. Bb5 Bd7 7. O-O Be7 8.
Re1 O-O 9. Bg5 Be6 10. Bxf6 Bxf6 11. Ne2 Qd6 12. Nc3 Bg4 13. a3 Bxf3 14. Qxf3
Nxd4 15. Qd3 Nxb5 16. Nxb5 Qd7 17. c3 c6 18. Nd4 g6 19. Re2 Rae8 20. Rae1 Rxe2
21. Rxe2 Re8 22. h3 Bxd4 23. cxd4 Rxe2 24. Qxe2 Qe6 25. Qxe6 fxe6 26. f4 Kf7 27.
Kf2 Kf6 28. g4 g5 29. Kf3 h6 30. b4 b6 31. a4 gxf4 32. Kxf4 e5+ 33. dxe5+ Ke6
34. h4 c5 35. bxc5 bxc5 36. g5 hxg5+ 37. hxg5 c4 38. g6 c3 39. Ke3 d4+ 40. Kd3
a5 41. Kc2 Ke7 1/2-1/2

[Event "AUTO-ADV-4857"]
[Site "http://www.queenalice.com/game.php?id=1855103"]
[Date "2025.4.6"]
[Round "1"]
[White "IranSilva"]
[Black "CruelLeurc"]
[Result "1-0"]
[WhiteElo "2024"]
[BlackElo "1831"]

1. Nf3 d5 2. d4 e6 3. c4 dxc4 4. e4 c5 5. Bxc4 Ne7 6. Nc3 g6 7. O-O Bg7 8. Be3
cxd4 9. Bxd4 Bxd4 10. Qxd4 Qxd4 11. Nxd4 O-O 12. Ncb5 Na6 13. Nd6 Rd8 14. e5 Nb4
15. Rad1 Nbc6 16. f4 a6 17. g4 b5 18. Nxc6 Nxc6 19. Be2 Ra7 20. Kf2 Rad7 21. a3
Ne7 22. Bf3 Kg7 23. Rc1 f6 24. Rc5 f5 25. g5 h6 26. gxh6+ Kh7 27. Rfc1 Rxd6 28.
exd6 Rxd6 29. Rc7 Bd7 30. Rb7 Nd5 31. Bxd5 exd5 32. Rcc7 Kxh6 33. Rxd7 Rxd7 34.
Rxd7 Kh5 35. Kg3 g5 36. fxg5 Kxg5 37. Rxd5 1-0

[Event "AUTO-ADV-4832"]
[Site "http://www.queenalice.com/game.php?id=1856051"]
[Date "2025.4.23"]
[Round "2"]
[White "CruelLeurc"]
[Black "Capixaba789"]
[Result "0-1"]
[WhiteElo "1881"]
[BlackElo "1793"]

1. e4 e5 2. Nc3 Nf6 3. Bc4 Be7 4. Nf3 d6 5. d3 c5 6. Nd5 O-O 7. O-O Nc6 8. Bd2
Nd4 9. Nxd4 cxd4 10. c3 dxc3 11. bxc3 Nxd5 12. Bxd5 h6 13. Qh5 Bg5 14. Be3 Bd7
15. Bxb7 Rb8 16. Bd5 Qc8 17. f4 exf4 18. Bxf4 Bg4 19. Qxg4 Qxg4 20. Bxg5 Qxg5
21. Rf5 Qd2 22. Raf1 Qxd3 23. Rxf7 Rxf7 24. Bxf7+ Kh8 25. Bd5 Qxc3 26. Rf7 Qe3+
27. Kf1 Rb1# 0-1

[Event "AUTO-ADV-4832"]
[Site "http://www.queenalice.com/game.php?id=1856052"]
[Date "2025.4.23"]
[Round "2"]
[White "Capixaba789"]
[Black "CruelLeurc"]
[Result "0-1"]
[WhiteElo "1847"]
[BlackElo "1866"]

1. d4 Nf6 2. Nc3 d5 3. e4 dxe4 4. f3 exf3 5. Be3 fxg2 6. Bxg2 c6 7. Nf3 Bf5 8.
O-O Nbd7 9. Qe2 e6 10. Ne5 Bd6 11. Nc4 Be7 12. Ne5 O-O 13. Rad1 Qc7 14. Nd3 Ng4
15. Bf4 Bd6 16. Bxd6 Qxd6 17. Ne5 Ndxe5 18. dxe5 Qxe5 19. Qxe5 Nxe5 20. Rc1 Rad8
21. a3 Rd2 22. Na4 Bxc2 23. Nc5 Nd3 24. Nxd3 Bxd3 25. b4 Bxf1 26. Rxf1 Rfd8 0-1

[Event "AUTO-ADV-4832"]
[Site "http://www.queenalice.com/game.php?id=1856053"]
[Date "2025.4.23"]
[Round "2"]
[White "CruelLeurc"]
[Black "kuntakinte"]
[Result "1-0"]
[WhiteElo "1806"]
[BlackElo "1802"]

1. e4 e5 2. Nc3 c6 3. Nf3 d6 4. Bc4 Nh6 5. d3 b5 6. Bb3 Bg4 7. Bxh6 gxh6 8. O-O
Qf6 9. d4 Nd7 10. d5 b4 11. dxc6 bxc3 12. cxd7+ Bxd7 13. Qd5 Rc8 14. bxc3 Bc6
15. Qa5 Ra8 16. Bd5 Bxd5 17. Qxd5 Rc8 18. Rab1 Be7 19. Rb7 O-O 20. c4 Rc5 21.
Qd3 a5 22. Qb3 Rcc8 23. Rd1 Kh8 24. Qb5 Rg8 25. Kf1 Bd8 26. Rd7 Qg7 27. R7xd6
Qxg2+ 28. Ke2 Qg4 29. Qxe5+ f6 30. Qd5 Be7 31. Ra6 Rcd8 32. Qf5 1-0

[Event "AUTO-ADV-4832"]
[Site "http://www.queenalice.com/game.php?id=1856054"]
[Date "2025.4.23"]
[Round "2"]
[White "kuntakinte"]
[Black "CruelLeurc"]
[Result "1-0"]
[WhiteElo "1788"]
[BlackElo "1849"]

1. e4 e5 2. Nf3 Nc6 3. c3 Bc5 4. d3 Nf6 5. Bg5 d6 6. b4 Bb6 7. a4 a6 8. a5 Ba7
9. Qb3 Be6 10. Qa4 b5 11. axb6 cxb6 12. Qxc6+ Ke7 13. Qa4 h6 14. Bh4 b5 15. Qc2
Bb6 16. Be2 Re8 17. O-O Kf8 18. Bxf6 Qxf6 19. d4 exd4 20. cxd4 Rec8 21. Qd2 Qg6
22. Nh4 Qxe4 23. Nf3 Bg4 24. Nc3 Qg6 25. h3 Bxf3 26. Bxf3 Qf6 27. Bxa8 Rxa8 28.
Rad1 Re8 29. Nd5 Qf5 30. Nxb6 1-0

[Event "AUTO-ADV-4832"]
[Site "http://www.queenalice.com/game.php?id=1856055"]
[Date "2025.4.23"]
[Round "2"]
[White "CruelLeurc"]
[Black "Canaye14"]
[Result "0-1"]
[WhiteElo "1822"]
[BlackElo "2014"]

1. e4 e6 2. d4 d5 3. e5 c5 4. c3 Nc6 5. Nf3 cxd4 6. cxd4 Qb6 7. Be2 Bb4+ 8. Bd2
Nge7 9. a3 Bxd2+ 10. Qxd2 Nf5 11. O-O Ncxd4 12. Nxd4 Nxd4 13. Ra2 Nxe2+ 14. Qxe2
Bd7 15. Re1 O-O 16. Nd2 Rac8 17. b4 Rc3 18. Nb1 Bb5 19. Qd2 Rc4 20. a4 Bd7 21.
b5 Rfc8 22. h3 Rd4 23. Qe3 Rcc4 24. Nd2 Rxa4 25. Rxa4 Rxa4 26. Qxb6 axb6 27. Rc1
g5 28. Rc7 Bxb5 29. Rxb7 Ra6 30. Nf3 h6 31. Nd4 Bd3 32. Nc6 Ra1+ 33. Kh2 Rb1 34.
Nd8 Bg6 35. Kg3 h5 36. f3 h4+ 37. Kh2 d4 38. Rd7 d3 39. Nc6 Rb2 40. Ne7+ Kg7 41.
Nxg6 Kxg6 42. Rxd3 b5 43. Rd7 b4 44. Rb7 b3 45. Kg1 Rb1+ 46. Kf2 f6 47. exf6
Kxf6 48. Rb5 b2 0-1

[Event "AUTO-ADV-4832"]
[Site "http://www.queenalice.com/game.php?id=1856056"]
[Date "2025.4.23"]
[Round "2"]
[White "Canaye14"]
[Black "CruelLeurc"]
[Result "1-0"]
[WhiteElo "2022"]
[BlackElo "1814"]

1. d4 Nf6 2. Bf4 d5 3. Nf3 Bf5 4. e3 e6 5. c3 Bd6 6. Bg3 Nc6 7. Nbd2 Bxg3 8.
hxg3 Qd6 9. Bb5 O-O 10. Nh4 a6 11. Be2 Nd7 12. Nxf5 exf5 13. Nf3 Ne7 14. Bd3 g6
15. Ng5 Nf6 16. Qc2 b5 17. b4 Kg7 18. O-O-O h6 19. Nf3 Ng4 20. Rdf1 c6 21. Nh2
h5 22. Nxg4 fxg4 23. Re1 f5 24. a3 a5 25. Kd2 axb4 26. axb4 Ra4 27. Ra1 Rfa8 28.
Rxa4 Rxa4 29. Re1 Qc7 30. Rb1 Qa7 31. f3 Ra2 32. Rb2 Ra3 33. fxg4 hxg4 34. Qc1
Ra2 35. Rxa2 Qxa2+ 36. Qc2 Qxc2+ 37. Bxc2 Nc8 38. Ke2 Nb6 39. Kd3 Kf6 40. Bb3
Nd7 41. Bc2 Kg5 42. Bb3 Nf6 43. Bc2 Nh5 44. Ke2 Nxg3+ 45. Kf2 Kh4 46. Bd3 Nh5
47. Be2 Ng3 48. Bd3 Nh5 49. Be2 1-0